• 首页
  • 本馆介绍
  • 公告通知
  • 最新文献
  • 馆藏检索
  • 电子资源
  • 读者导购
  • 参考咨询
  • 我的图书馆
  • 登录
  • 详细信息显示
  • 放入我的书架
  • 预约/预借图书
  • 作者相关作品
  • 分类相关作品
  • 丛书相关作品
  • 出版社相关作品

书目信息

  • 表格格式
  • 工作单格式
  • 卡片格式
题名:
大爆炸简史
    
 
作者: 辛格 著 ;王文浩 译
分册:  
出版信息: 长沙   湖南科学技术出版社  2017.06
页数: 480页
开本: 23cm
丛书名:
单 册:
中图分类: P159.3
科图分类:
主题词: “大爆炸”宇宙学--天文学史
电子资源:
ISBN: 978-7-5357-9251-8
000 01132nam0 2200253 450
001 356
005 20180922085147.20
010    @a978-7-5357-9251-8@dCNY88.00
100    @a20170905d2017 em y0chiy50 ea
101 1  @achi@ceng
102    @aCN@b430000
105    @aa z 001yy
200 1  @a大爆炸简史@9da bao zha jian shi@dBig Bang@e一场伟大的比赛,赛场就是宇宙本身@f(美)西蒙·辛格著@g王文浩译@zeng
210    @a长沙@c湖南科学技术出版社@d2017.06
215    @a480页@c图@d23cm
330    @a本书主要讲述“大爆炸”理论作为宇宙的开端被逐渐接受的过程,介绍了一些鲜为人知的人物对这个理论所作的努力。这是一场惊心动魄的辩论过程,伽莫夫用打油诗反击稳恒态已过期,霍伊尔则继续嘲笑大爆炸模型和那些相信它的人,最终大爆炸理论以良好的预言能力表现出了说服力和包容性。
510 1  @aBig Bang@zeng
517 1  @a一场伟大的比赛,赛场就是宇宙本身@9yi chang wei da de bi sai , sai chang jiu shi yu zhou ben shen
606 0  @a“大爆炸”宇宙学@x天文学史
690    @aP159.3@v5
701  0 @c(英)@a辛格@9xin ge@c(Singh, Simon)@4著
702  0 @a王文浩@9wang wen hao@c(工程物理)@4译
801  0 @aCN@b91MARC@c20170905
905    @aMuseLib@dP159.3@e241
    
    大爆炸简史=Big Bang:一场伟大的比赛,赛场就是宇宙本身/(美)西蒙·辛格著/王文浩译.-长沙:湖南科学技术出版社,2017.06
    480页:图;23cm
    
    
    ISBN 978-7-5357-9251-8:CNY88.00
    本书主要讲述“大爆炸”理论作为宇宙的开端被逐渐接受的过程,介绍了一些鲜为人知的人物对这个理论所作的努力。这是一场惊心动魄的辩论过程,伽莫夫用打油诗反击稳恒态已过期,霍伊尔则继续嘲笑大爆炸模型和那些相信它的人,最终大爆炸理论以良好的预言能力表现出了说服力和包容性。
●
相关链接 在E读中查询图书 在五车中查询图书 在当当中查询图书 在豆瓣中查询图书


正题名:大爆炸简史     索取号:P159.3/241         预约/预借

序号 登录号 条形码 馆藏地/架位号 状态 备注
1 1119499   211194991   第二样本阅览室/ [索取号:P159.3/241] 在馆    
2 1119500   211195008   第三借阅区/ [索取号:P159.3/241] 在馆    
3 1119501   211195017   第三借阅区/ [索取号:P159.3/241] 在馆    
4 1119502   211195026   第三借阅区/ [索取号:P159.3/241] 在馆    
5 1119503   211195035   密集书库-资源管理系/ [索取号:P159.3/241] 在馆    
唐山师范学院图书馆 欢迎您!
大连网信软件有限公司© 版权所有